Statistics for Largest Cities In Nevada

Click here to take the quiz!

General Stats

  • This quiz has been taken 39 times
  • The average score is 6 of 7

Answer Stats

Pop.City% Correct
641,676Las Vegas
100%
248,853Reno
96%
54,745Carson City
93%
302,539Henderson
85%
242,975North Las Vegas
78%
100,888Sparks
59%
20,451Elko
41%

Score Distribution

Percentile by Number Answered

Percent of People with Each Score

Your Score History

You have not taken this quiz